| 000 | 00581nam a22001937a 4500 | ||
|---|---|---|---|
| 003 | OSt | ||
| 005 | 20260309063056.0 | ||
| 008 | 260309b |||||||| |||| 00| 0 eng d | ||
| 020 | _a1-59339-035-1 | ||
| 040 |
_aDWCL-Main Lib _cOC |
||
| 082 | _aGR. 700.3 B862 2003 | ||
| 110 |
_aBRITANICA _eCorporate Author |
||
| 245 | _aBritanica learning library : the arts / | ||
| 260 |
_aChicago : _bEncyclopaedia Britanica, _c c2003 |
||
| 300 |
_a64 p. : _bill. (chiefly col.) ; _c29 cm. |
||
| 504 | _a1. Includes glossary. | ||
| 650 | _aArts - Encyclopedias. | ||
| 942 |
_2ddc _cBK-GR _mGR. _n0 |
||
| 999 |
_c8746 _d8746 |
||